Who was who among English and European authors, 1931-1949 : (Record no. 24134)
[ view plain ]
| 000 -LEADER | |
|---|---|
| fixed length control field | 01303cam a2200289 i 4500 |
| 001 - CONTROL NUMBER | |
| control field | 24134 |
| 003 - CONTROL NUMBER IDENTIFIER | |
| rucl marc code | BD-RjUL |
| 005 - DATE AND TIME OF LATEST TRANSACTION | |
| control field | 20211209001020.0 |
| 008 - FIXED-LENGTH DATA ELEMENTS--GENERAL INFORMATION | |
| fixed length control field | 140312s1978 miu 000 0deng |
| 020 ## - INTERNATIONAL STANDARD BOOK NUMBER | |
| International Standard Book Number | 0810300407 |
| 035 ## - SYSTEM CONTROL NUMBER | |
| System control number | (BD-RjUL)24200 |
| 040 ## - CATALOGING SOURCE | |
| Original cataloging agency | DLC |
| Transcribing agency | DLC |
| Modifying agency | BD-RjUL |
| Language of cataloging | eng |
| 041 ## - LANGUAGE CODE | |
| Language code of text/sound track or separate title | eng |
| 082 00 - DEWEY DECIMAL CLASSIFICATION NUMBER | |
| Classification number | 809.043 |
| Author mark and year | WHO V-2 1978 |
| 245 00 - TITLE STATEMENT | |
| Title | Who was who among English and European authors, 1931-1949 : |
| Remainder of title | based on entries which first appeared in The Author's and writer's who's who & reference guide originally compiled by Edward Martell and L.G. Pine and in Who's who among living authors of older nations / |
| Statement of responsibility, etc. | Originally compiled by Alberta Lawrence. |
| Number of part/section of a work | Volume 2 : |
| Name of part/section of a work | G-M. |
| 260 ## - PUBLICATION, DISTRIBUTION, ETC. (IMPRINT) | |
| Place of publication, distribution, etc. | Detroit : |
| Name of publisher, distributor, etc. | Gale Research Co., |
| Date of publication, distribution, etc. | c1978. |
| 300 ## - PHYSICAL DESCRIPTION | |
| Pagination | 543-1034 p. ; |
| Size | 24 cm. |
| 650 #0 - SUBJECT ADDED ENTRY--TOPICAL TERM | |
| Topical term or geographic name as entry element | European literature |
| Chronological subdivision | 20th century |
| General subdivision | Bio-bibliography |
| -- | Dictionaries. |
| 9 (RLIN) | 74354 |
| Topical term or geographic name as entry element | English literature |
| Geographic subdivision | 20th century |
| General subdivision | Bio-bibliography |
| -- | Dictionaries. |
| 9 (RLIN) | 74355 |
| Topical term or geographic name as entry element | Authors, European |
| Chronological subdivision | 20th century |
| General subdivision | Biography |
| -- | Dictionaries. |
| 9 (RLIN) | 69863 |
| Topical term or geographic name as entry element | Authors, English |
| Chronological subdivision | 20th century |
| General subdivision | Biography |
| -- | Dictionaries. |
| 9 (RLIN) | 74356 |
| 942 ## - ADDED ENTRY ELEMENTS (KOHA) | |
| Source of classification or shelving scheme | Dewey Decimal Classification |
| Koha item type | Books |
| Lost status | Source of classification or shelving scheme | Damaged status | Not for loan | Collection code | Permanent Location | Current Location | Shelving location | Date acquired | Source of acquisition | Total Checkouts | Full call number | Date last seen | Copy number | Koha item type |
|---|---|---|---|---|---|---|---|---|---|---|---|---|---|---|
| Dewey Decimal Classification | Added to bundle | Non-fiction | Central Library, University of Rajshahi | Central Library, University of Rajshahi | Reading Room | 08/06/1992 | Asia Foundation | 809.043 WHO V-2 1978 | 12/03/2014 | C-1 | Books |